Statystyki dla Nazwij pasujące europejskie państwo #2

Kliknij tutaj aby rozwiązać quiz!

Ogólne statystyki

  • Ten quiz został rozwiązany 17 571 razy
  • Średni wynik to 15 z 18

Statystyki odpowiedzi

Nazwij europejskie państwo...Państwo% Poprawnych
które jest państwem ościennym Szwajcarii:Austria | Francja | Liechtenstein | Niemcy | Włochy
96%
które należy do UE, ale nie używa Euro:Bułgaria | Czechy | Dania | Polska | Rumunia | Szwecja | Węgry
96%
którego nazwa nie zawiera litery "A":Czechy | Kosowo | Liechtenstein | Luksemburg | Niemcy | Węgry | Włochy
96%
które leży nad Morzem Czarnym:Bułgaria | Rosja | Rumunia | Ukraina
93%
którego nazwa waluty tłumaczy się jako "korona":Czechy | Dania | Islandia | Norwegia | Szwecja
93%
które leży w odległości 100 kilometrów od Wiednia (nie licząc Austrii):Czechy | Słowacja | Węgry
90%
którego stolica zaczyna się na "P":Czarnogóra | Czechy | Francja | Kosowo
89%
które graniczy z tylko jednym innym państwem:Dania | Irlandia | Monako | Portugalia | San Marino | Watykan | Wielka Brytania
89%
na którego fladze znajduje się tylko niebieski i żółty:Szwecja | Ukraina
87%
które należy do FIFA i nigdy nie zakwalifikowało się do mistrzostw świata w piłce nożnej mężczyzn:Albania | Andora | Białoruś | Czarnogóra | Estonia | Finlandia | Kosowo | Liechtenstein | Litwa | Luksemburg | Łotwa | Macedonia Północna | Malta | Mołdawia | San Marino
86%
które doświadczyło erupcji wulkanu w XXI w.:Islandia | Hiszpania | Włochy
81%
którego stolica leży co najmniej 500 kilometrów od jakiejkolwiek innej stolicy państwa:Islandia | Portugalia | Rosja
81%
które leży nad Jeziorem Genewskim:Francja | Szwajcaria
75%
które ma PKB per capita poniżej $15,000:
(2019, PPP)
Albania | Kosowo | Mołdawia | Ukraina
74%
którego większość ludności wyznaje islam:Albania | Bośnia i Hercegowina | Kosowo
69%
którego średnia temperatura w stolicy wynosi ponad 17° Celcjusza:Grecja | Malta | Portugalia
68%
którego język urzędowy nie należy do języków indoeuropejskich:Estonia | Finlandia | Malta | Węgry
50%
przez które przepływa rzeka Sawa:Bośnia i Hercegowina | Chorwacja | Serbia | Słowenia
42%

Rozkład punktacji

Percentyl według liczby udzielonych odpowiedzi

Procent ludzi z każdym wynikiem

Twoja historia wyników

Nie rozwiązałeś tego quizu